Oxford beginner's French dictonary / (Record no. 363381)
[ view plain ]
| 000 -LEADER | |
|---|---|
| fixed length control field | 00511nam a2200181Ia 4500 |
| 008 - FIXED-LENGTH DATA ELEMENTS--GENERAL INFORMATION | |
| fixed length control field | 200601s9999 xx 000 0 und d |
| 020 ## - INTERNATIONAL STANDARD BOOK NUMBER | |
| International Standard Book Number | 978-0-17-929858-7 |
| 050 ## - LIBRARY OF CONGRESS CALL NUMBER | |
| Classification number | REF PC 2640 |
| 050 ## - LIBRARY OF CONGRESS CALL NUMBER | |
| Item number | .B44 2006 |
| 245 #0 - TITLE STATEMENT | |
| Title | Oxford beginner's French dictonary / |
| 260 ## - PUBLICATION, DISTRIBUTION, ETC. (IMPRINT) | |
| Place of publication, distribution, etc | Oxford : |
| 260 ## - PUBLICATION, DISTRIBUTION, ETC. (IMPRINT) | |
| Name of publisher, distributor, etc | Oxford University Press. |
| 260 ## - PUBLICATION, DISTRIBUTION, ETC. (IMPRINT) | |
| Date of publication, distribution, etc | 2006 |
| 300 ## - PHYSICAL DESCRIPTION | |
| Extent | 453 pages : |
| 300 ## - PHYSICAL DESCRIPTION | |
| Dimensions | 20 cm. |
| 650 ## - SUBJECT ADDED ENTRY--TOPICAL TERM | |
| Topical term or geographic name as entry element | Italian language -- Dictionaries -- English. |
| 650 ## - SUBJECT ADDED ENTRY--TOPICAL TERM | |
| General subdivision | English language -- Dictionaries -- Italian. |
| Withdrawn status | Lost status | Damaged status | Home library | Current library | Shelving location | Date acquired | Total Checkouts | Full call number | Barcode | Date last seen | Price effective from | Koha item type |
|---|---|---|---|---|---|---|---|---|---|---|---|---|
| South Mansfield College | South Mansfield College | Reference Section | 06/01/2020 | REF PC 2640 .B44 2006 | SMC03646 | 06/01/2020 | 06/01/2020 | Books |